[Event "80th ARM-ch 1st League 2019"]
[Site "Yerevan"]
[Date "2019.08.19"]
[Round "2.2"]
[White "Harutjunyan, Gevorg"]
[Black "Chaqryan, Erik"]
[Result "1-0"]
[WhiteElo "2455"]
[BlackElo "2105"]
[Annotator "ChessBase"]
[PlyCount "73"]
[EventDate "2019.08.18"]
[EventType "tourn"]
[EventCountry "ARM"]
[SourceTitle "playchess.com"]
[Source "ChessBase"]
[SourceQuality "1"]
[TimeControl "40/5400+30:1800+30"]

1. Nf3 {[%emt 0:00:00]} Nf6 {[%emt 0:00:00]} 2. g3 {[%emt 0:00:00]} g6 {[%emt 0:00:00]} 3. b3 {[%emt 0:00:00]} Bg7 {[%emt 0:00:17]} 4. Bb2 {[%emt 0:00:00]} O-O {[%emt 0:00:25]} 5. Bg2 {[%emt 0:00:09]} d6 {[%emt 0:00:49]} 6. d4 {[%emt 0:00:19]} Nbd7 {[%emt 0:00:33]} 7. O-O {[%emt 0:00:34]} e5 {[%emt 0:00:22]} 8. dxe5 {[%emt 0:00:29]} Ng4 {[%emt 0:00:05]} 9. c4 {[%emt 0:04:41]} Ngxe5 {[%emt 0:01:37]} 10. Nc3 {[%emt 0:00:24]} Nxf3+ {[%emt 0:04:41]} 11. Bxf3 {[%emt 0:00:14]} Ne5 {[%emt 0:02:35]} 12. Bg2 {[%emt 0:00:14]} Re8 {[%emt 0:07:41]} 13. Qd2 {[%emt 0:00:49]} Rb8 {[%emt 0:04:28]} 14. Rad1 {[%emt 0:00:34]} Be6 {[%emt 0:08:59]} 15. Qc1 {[%emt 0:09:30]} Qc8 {[%emt 0:08:55]} 16. f4 {[%emt 0:05:13]} Ng4 {[%emt 0:05:52]} 17. e4 {[%emt 0:01:29]} f5 {[%emt 0:04:02]} 18. Rfe1 {[%emt 0:08:46]} a6 {[%emt 0:10:33]} 19. exf5 {[%emt 0:06:48]} gxf5 {[%emt 0:06:38]} 20. Nd5 {[%emt 0:04:36]} Bxd5 {[%emt 0:07:24]} 21. Bxd5+ {[%emt 0:00:24]} Kh8 {[%emt 0:00:04]} 22. Qc3 {[%emt 0:11:59]} Qd7 {[%emt 0:22:37]} 23. Be6 {[%emt 0:01:21]} Bxc3 {[%emt 0:00:04]} 24. Bxc3+ {[%emt 0:00:08]} Qg7 {[%emt 0:00:03]} 25. Bxg7+ {[%emt 0:00:10]} Kxg7 {[%emt 0:00:01]} 26. Bxf5 {[%emt 0:00:25]} Ne3 {[%emt 0:00:54]} 27. Bd7 {[%emt 0:00:17]} Re7 {[%emt 0:00:54]} 28. Bh3 {[%emt 0:06:05]} Rbe8 {[%emt 0:00:46]} 29. Rd2 {[%emt 0:03:00]} b5 {[%emt 0:02:28]} 30. Rde2 {[%emt 0:06:23]} bxc4 {[%emt 0:00:09]} 31. bxc4 {[%emt 0:00:08]} Kf7 {[%emt 0:00:58]} 32. Bg2 {[%emt 0:01:35]} Nc2 {[%emt 0:00:32]} 33. Rxe7+ {[%emt 0:01:18]} Rxe7 {[%emt 0:00:05]} 34. Rxe7+ {[%emt 0:00:08]} Kxe7 {[%emt 0:00:04]} 35. Be4 {[%emt 0:01:17]} Ne3 {[%emt 0:00:04]} 36. Bxh7 {[%emt 0:04:56]} Nxc4 {[%emt 0:00:07]} 37. Bd3 {[%emt 0:00:09]} 1-0

[Event "80th ARM-ch 1st League 2019"]
[Site "Yerevan"]
[Date "2019.08.19"]
[Round "2.3"]
[White "Davtyan, Artur"]
[Black "Hayrapetyan, Hovik"]
[Result "1/2-1/2"]
[WhiteElo "2440"]
[BlackElo "2453"]
[Annotator "ChessBase"]
[PlyCount "114"]
[EventDate "2019.08.18"]
[EventType "tourn"]
[EventCountry "ARM"]
[SourceTitle "playchess.com"]
[Source "ChessBase"]
[SourceQuality "1"]
[TimeControl "40/5400+30:1800+30"]

1. e4 {[%emt 0:00:32]} c5 {[%emt 0:00:26]} 2. Nf3 {[%emt 0:00:21]} Nc6 {[%emt 0:02:35]} 3. d4 {[%emt 0:00:05]} cxd4 {[%emt 0:00:04]} 4. Nxd4 {[%emt 0:00:04]} Nf6 {[%emt 0:01:22]} 5. Nc3 {[%emt 0:00:05]} d6 {[%emt 0:00:04]} 6. Bg5 {[%emt 0:02:15]} e6 {[%emt 0:00:30]} 7. Qd2 {[%emt 0:00:27]} a6 {[%emt 0:03:14]} 8. O-O-O {[%emt 0:01:36]} Bd7 {[%emt 0:02:58]} 9. f4 {[%emt 0:00:41]} Be7 {[%emt 0:08:04]} 10. Nf3 {[%emt 0:00:21]} h6 {[%emt 0:06:58]} 11. Bxf6 {[%emt 0:07:38]} gxf6 {[%emt 0:00:23]} 12. Bd3 {[%emt 0:02:07]} Qa5 {[%emt 0:02:17]} 13. Kb1 {[%emt 0:07:55]} O-O-O {[%emt 0:10:04]} 14. Rhe1 {[%emt 0:01:06]} Kb8 {[%emt 0:00:23]} 15. a3 {[%emt 0:22:35]} h5 {[%emt 0:01:12]} 16. Bf1 {[%emt 0:03:07]} Bc8 {[%emt 0:05:09]} 17. Qf2 {[%emt 0:12:14]} Qc5 {[%emt 0:08:25]} 18. Qxc5 {[%emt 0:02:55]} dxc5 {[%emt 0:05:18]} 19. Nd5 {[%emt 0:01:10]} exd5 {[%emt 0:04:50]} 20. exd5 {[%emt 0:00:03]} Bd6 {[%emt 0:02:33]} 21. dxc6 {[%emt 0:00:11]} Bxf4 {[%emt 0:00:34]} 22. Rxd8 {[%emt 0:03:54]} Rxd8 {[%emt 0:00:56]} 23. g3 {[%emt 0:16:34]} Bc7 {[%emt 0:01:20]} 24. Bc4 {[%emt 0:07:47]} Bg4 {[%emt 0:01:14]} 25. Nh4 {[%emt 0:00:29]} bxc6 {[%emt 0:00:30]} 26. Bxf7 {[%emt 0:05:01]} Rd2 {[%emt 0:02:47]} 27. h3 {[%emt 0:00:55]} Bxh3 {[%emt 0:00:17]} 28. Bxh5 {[%emt 0:00:08]} Bxg3 {[%emt 0:01:41]} 29. Re3 {[%emt 0:00:06]} Bxh4 {[%emt 0:00:13]} 30. Rxh3 {[%emt 0:00:03]} Bg5 {[%emt 0:00:49]} 31. Rc3 {[%emt 0:00:16]} Rh2 {[%emt 0:05:40]} 32. Be8 {[%emt 0:01:02]} Re2 {[%emt 0:00:07]} 33. Bxc6 {[%emt 0:00:06]} Be3 {[%emt 0:00:25]} 34. Rb3+ {[%emt 0:01:13]} Kc7 {[%emt 0:00:01]} 35. Bf3 {[%emt 0:00:05]} Re1+ {[%emt 0:00:39]} 36. Ka2 {[%emt 0:00:01]} f5 {[%emt 0:01:28]} 37. Rb7+ {[%emt 0:00:25]} Kd6 {[%emt 0:00:01]} 38. Rb6+ {[%emt 0:00:09]} Ke5 {[%emt 0:00:04]} 39. Rxa6 {[%emt 0:00:07]} Rf1 {[%emt 0:02:51]} 40. Be2 {[%emt 0:00:00]} Rf2 {[%emt 0:00:00]} 41. Bd3 {[%emt 0:00:09]} c4 {[%emt 0:05:12]} 42. Ra5+ {[%emt 0:00:13]} Kf6 {[%emt 0:00:03]} 43. Bxc4 {[%emt 0:00:22]} Rxc2 {[%emt 0:00:01]} 44. Rxf5+ {[%emt 0:01:45]} Kxf5 {[%emt 0:03:04]} 45. Bd3+ {[%emt 0:00:07]} Ke5 {[%emt 0:00:03]} 46. Bxc2 {[%emt 0:00:05]} Kd4 {[%emt 0:00:03]} 47. Kb3 {[%emt 0:00:04]} Kc5 {[%emt 0:00:53]} 48. Ka4 {[%emt 0:00:08]} Kb6 {[%emt 0:00:08]} 49. b4 {[%emt 0:00:04]} Bf4 {[%emt 0:00:09]} 50. Kb3 {[%emt 0:00:04]} Bd6 {[%emt 0:00:02]} 51. Kc4 {[%emt 0:00:04]} Be7 {[%emt 0:00:10]} 52. a4 {[%emt 0:00:03]} Bd6 {[%emt 0:00:15]} 53. a5+ {[%emt 0:00:05]} Ka7 {[%emt 0:00:05]} 54. Be4 {[%emt 0:00:08]} Be7 {[%emt 0:00:05]} 55. Bf3 {[%emt 0:00:11]} Bd6 {[%emt 0:00:05]} 56. b5 {[%emt 0:00:04]} Bc7 {[%emt 0:00:01]} 57. Kb4 {[%emt 0:00:08]} Bd8 {[%emt 0:00:01]} 1/2-1/2

[Event "80th ARM-ch 1st League 2019"]
[Site "Yerevan"]
[Date "2019.08.19"]
[Round "2.4"]
[White "Harutyunian, Tigran K."]
[Black "Gharibyan, Mamikon"]
[Result "1-0"]
[WhiteElo "2555"]
[BlackElo "2365"]
[Annotator "TA"]
[PlyCount "99"]
[EventDate "2019.08.18"]
[EventType "tourn"]
[EventCountry "ARM"]
[SourceTitle "playchess.com"]
[Source "ChessBase"]
[SourceQuality "1"]

{[%evp 28,99,39,50,36,31,51,27,19,11,20,22,25,0,14,14,14,6,15,9,37,0,0,0,81,77,114,138,131,134,184,182,192,183,178,179,228,223,437,238,259,263,386,386,370,356,527,299,531,536,531,523,523,487,490,452,445,445,538,514,574,554,560,560,691,684,684,684,658,647,927,893,847,825]} 1. Nf3 Nf6 2. g3 b6 3. Bg2 Bb7 4. O-O e6 5. c4 c5 6. Nc3 Be7 7. d4 cxd4 8. Qxd4 d6 9. Rd1 a6 10. b3 Nbd7 11. e4 O-O 12. Ba3 Nc5 13. e5 dxe5 14. Qxd8 Rfxd8 15. Nxe5 Bxg2 {A30: Symmetrical English: Double Fianchetto and Hedgehog} 16. Kxg2 Rdc8 17. Bb2 $146 ({Predecessor:} 17. b4 Nce4 18. Nxe4 Nxe4 19. Rd7 Bf8 20. Re1 Nd6 21. c5 bxc5 22. bxc5 Nb5 23. Bb2 {½-½ (31) Harutyunian,T (2488)-Afanasiev,N (2364) Moscow 2018}) 17... Rc7 {White has an edge.} 18. Rd4 Kf8 19. Rad1 Ke8 20. Bc1 Rac8 21. Bf4 Rb7 22. g4 h6 23. h4 b5 24. g5 hxg5 25. hxg5 {[#] Hoping for Rh1.} Nh5 (25... Nfd7 $11) 26. Be3 $36 {[%mdl 2048] White is on the roll.} b4 27. Ne4 Nxe4 28. Rxe4 Bc5 29. g6 fxg6 30. Bxc5 Rxc5 31. Rd6 Nf6 32. Re3 ({Resist} 32. Rxe6+ $6 Re7) 32... Ra5 $2 (32... a5 33. Rxe6+ Kd8) 33. Nc6 (33. Rxe6+ $142 Kf8 34. Rc6 (34. Nxg6+ Kf7 $16)) 33... Rg5+ 34. Kf1 Ng4 (34... Rc7 {was necessary.} 35. Rexe6+ (35. Nxb4 e5 $18) 35... Kf8 36. Nxb4 a5) 35. Rexe6+ $18 Kf8 36. f3 Nh6 (36... Rf5 $142 37. Nd4 (37. Rxg6 Nh2+ 38. Ke2 Nxf3 $16) 37... Rf6) 37. Rd8+ Kf7 38. Rde8 {[%cal Rc6d8] [#] White is clearly winning.} Rd7 39. Ne5+ Rxe5 40. Rxe5 {[%mdl 4096] Endgame KRR-KRN} Nf5 41. Kf2 Rd2+ 42. Re2 Rd3 43. Ra8 Nd4 44. Ra7+ Kf6 45. Rxa6+ Kf5 46. Ra5+ Kf6 47. Rd5 Rxf3+ 48. Kg2 Rd3 49. Re4 Rd2+ 50. Kh3 {Accuracy: White = 62%, Black = 40%.} 1-0

[Event "80th ARM-ch 1st League 2019"]
[Site "Yerevan"]
[Date "2019.08.19"]
[Round "2.5"]
[White "Sargsyan, Shant"]
[Black "Torosyan, Norayr"]
[Result "1-0"]
[WhiteElo "2540"]
[BlackElo "2365"]
[Annotator "TA"]
[PlyCount "65"]
[EventDate "2019.08.18"]
[EventType "tourn"]
[EventCountry "ARM"]
[SourceTitle "playchess.com"]
[Source "ChessBase"]
[SourceQuality "1"]

{[%evp 16,65,36,42,36,35,48,39,41,30,41,36,48,62,51,48,60,24,120,71,101,97,97,103,118,127,114,138,232,240,233,232,283,285,465,492,592,583,533,534,491,420,831,827,819,767,29986,29987,29992,29993,29993,29994]} 1. d4 Nf6 2. c4 c5 3. Nf3 cxd4 4. Nxd4 Nc6 5. Nc3 g6 6. g3 Bg7 7. Bg2 O-O 8. O-O Qa5 9. e3 Ne5 {A39: Symmetrical English vs ...g6: 4 Bg2 Bg7 5 Nf3 Nf6 6 0-0 0-0 7 d4} (9... d6 10. h3 Bd7 11. Qe2 Rfc8 12. Rd1 a6 13. Bd2 Qd8 14. Rac1 Rab8 15. Nxc6 Bxc6 16. e4 Nd7 17. Bg5 h6 18. Be3 {½-½ (41) Ding,L (2778)-Bacrot,E (2718) Liaocheng 2018}) 10. Qe2 d6 11. Bd2 Bg4 {White is slightly better.} 12. f3 Bd7 13. b3 Rfc8 14. Rac1 {[#]} Qb6 $146 ({Predecessor:} 14... Qd8 15. Rfd1 a6 16. Be1 Rab8 17. Kh1 {½-½ (35) Lupulescu,C (2634)-Sasikiran,K (2660) Tromsoe 2013}) 15. Kh1 Nc6 16. f4 e5 (16... Nxd4 $11 17. exd4 Re8) 17. Nxc6 Bxc6 18. fxe5 dxe5 19. e4 Nd7 20. Be3 Qd8 21. Nd5 Bxd5 (21... b6 $16 {is a better defense.} 22. Qf3 Bxd5 23. cxd5 Qe7) 22. exd5 $18 ({Much less strong is} 22. cxd5 $6 Rxc1 23. Bxc1 (23. Rxc1 Nf6 $16) 23... b6 $16) 22... f5 23. c5 e4 {[#]} 24. g4 $1 {[%cal Rg4f5]} Ne5 $2 (24... Nf6 25. gxf5 Qxd5) 25. gxf5 gxf5 26. Rxf5 Qxd5 27. Rd1 Qe6 28. Bh3 {Hoping for Rf8+!} Qe7 {[#]} (28... Rc6 $142 29. Bd4 {[%mdl 64] Discovered Attack} Qe7 30. Qxe4 Rd8) 29. Rxe5 $1 {[%mdl 576] Discovered Attack} Qxe5 30. Bd4 Qf4 31. Qc4+ {White mates.} Kh8 32. Bxg7+ Kxg7 33. Rg1+ {Accuracy: White = 77%, Black = 23%.} 1-0

[Event "80th ARM-ch 1st League 2019"]
[Site "Yerevan"]
[Date "2019.08.19"]
[Round "2.6"]
[White "Shahinyan, David"]
[Black "Mikaelyan, Arman"]
[Result "1/2-1/2"]
[WhiteElo "2452"]
[BlackElo "2454"]
[Annotator "ChessBase"]
[PlyCount "156"]
[EventDate "2019.08.18"]
[EventType "tourn"]
[EventCountry "ARM"]
[SourceTitle "playchess.com"]
[Source "ChessBase"]
[SourceQuality "1"]
[TimeControl "40/5400+30:1800+30"]

1. d4 {[%emt 0:00:08]} Nf6 {[%emt 0:01:27]} 2. Bf4 {[%emt 0:00:58]} d5 {[%emt 0:03:36]} 3. e3 {[%emt 0:02:30]} e6 {[%emt 0:01:05]} 4. Nd2 {[%emt 0:02:12]} c5 {[%emt 0:00:39]} 5. c3 {[%emt 0:00:24]} Bd6 {[%emt 0:04:33]} 6. Bg3 {[%emt 0:01:30]} Qc7 {[%emt 0:01:33]} 7. Ngf3 {[%emt 0:07:13]} Nbd7 {[%emt 0:02:23]} 8. Be2 {[%emt 0:09:54]} O-O {[%emt 0:01:08]} 9. O-O {[%emt 0:01:27]} b6 {[%emt 0:06:23]} 10. Rc1 {[%emt 0:03:20]} Bb7 {[%emt 0:06:15]} 11. c4 {[%emt 0:02:19]} Bxg3 {[%emt 0:01:00]} 12. hxg3 {[%emt 0:00:09]} dxc4 {[%emt 0:01:26]} 13. Bxc4 {[%emt 0:02:35]} Rad8 {[%emt 0:06:24]} 14. Qe2 {[%emt 0:10:01]} Qb8 {[%emt 0:01:41]} 15. Ba6 {[%emt 0:14:13]} Bd5 {[%emt 0:06:04]} 16. Bd3 {[%emt 0:06:55]} cxd4 {[%emt 0:16:10]} 17. Nxd4 {[%emt 0:01:06]} Nc5 {[%emt 0:03:12]} 18. Bc4 {[%emt 0:10:25]} Qb7 {[%emt 0:05:34]} 19. b4 {[%emt 0:01:48]} e5 {[%emt 0:10:28]} 20. bxc5 {[%emt 0:16:04]} exd4 {[%emt 0:00:51]} 21. Bxd5 {[%emt 0:02:10]} Qxd5 {[%emt 0:00:39]} 22. exd4 {[%emt 0:00:35]} bxc5 {[%emt 0:01:22]} 23. Rxc5 {[%emt 0:00:04]} Qxa2 {[%emt 0:00:52]} 24. Qd3 {[%emt 0:00:01]} Rfe8 {[%emt 0:00:58]} 25. Nc4 {[%emt 0:01:09]} Qa4 {[%emt 0:03:25]} 26. Rd1 {[%emt 0:01:52]} h6 {[%emt 0:01:19]} 27. Ne3 {[%emt 0:00:23]} Rd7 {[%emt 0:02:34]} 28. d5 {[%emt 0:00:56]} Red8 {[%emt 0:02:37]} 29. Qd4 {[%emt 0:00:55]} Qxd4 {[%emt 0:04:04]} 30. Rxd4 {[%emt 0:00:00]} Rb7 {[%emt 0:00:12]} 31. Rc1 {[%emt 0:00:55]} g6 {[%emt 0:00:38]} 32. g4 {[%emt 0:00:24]} Rd6 {[%emt 0:01:30]} 33. g3 {[%emt 0:00:27]} a5 {[%emt 0:01:02]} 34. Rc5 {[%emt 0:00:36]} Rb4 {[%emt 0:02:04]} 35. Rf4 {[%emt 0:01:17]} Rxf4 {[%emt 0:01:14]} 36. gxf4 {[%emt 0:00:00]} a4 {[%emt 0:00:12]} 37. Ra5 {[%emt 0:00:14]} a3 {[%emt 0:00:28]} 38. Rxa3 {[%emt 0:00:18]} Kf8 {[%emt 0:00:17]} 39. Ra5 {[%emt 0:00:25]} Rb6 {[%emt 0:01:18]} 40. Kg2 {[%emt 0:00:00]} Rb2 {[%emt 0:00:00]} 41. Kf3 {[%emt 0:04:26]} Rd2 {[%emt 0:04:28]} 42. Ra7 {[%emt 0:04:24]} Rd4 {[%emt 0:04:10]} 43. Ra8+ {[%emt 0:02:43]} Ke7 {[%emt 0:02:13]} 44. Rh8 {[%emt 0:02:32]} Nxd5 {[%emt 0:02:35]} 45. Nxd5+ {[%emt 0:00:04]} Rxd5 {[%emt 0:00:04]} 46. Rxh6 {[%emt 0:00:03]} Rd3+ {[%emt 0:00:40]} 47. Ke4 {[%emt 0:00:15]} Rd2 {[%emt 0:00:06]} 48. Ke3 {[%emt 0:00:23]} Ra2 {[%emt 0:00:09]} 49. Rh8 {[%emt 0:00:12]} Ra3+ {[%emt 0:01:01]} 50. Ke4 {[%emt 0:00:04]} f5+ {[%emt 0:03:00]} 51. gxf5 {[%emt 0:00:32]} Ra4+ {[%emt 0:00:02]} 52. Ke3 {[%emt 0:01:35]} Ra3+ {[%emt 0:01:30]} 53. Ke2 {[%emt 0:00:20]} gxf5 {[%emt 0:00:09]} 54. Rc8 {[%emt 0:00:18]} Ra4 {[%emt 0:00:25]} 55. Ke3 {[%emt 0:00:08]} Re4+ {[%emt 0:00:26]} 56. Kf3 {[%emt 0:00:03]} Ra4 {[%emt 0:00:11]} 57. Rc6 {[%emt 0:00:34]} Rb4 {[%emt 0:00:24]} 58. Ra6 {[%emt 0:01:56]} Rc4 {[%emt 0:00:17]} 59. Ke3 {[%emt 0:00:41]} Re4+ {[%emt 0:00:05]} 60. Kf3 {[%emt 0:00:02]} Rb4 {[%emt 0:00:09]} 61. Kg3 {[%emt 0:00:01]} Rc4 {[%emt 0:00:15]} 62. f3 {[%emt 0:01:53]} Rb4 {[%emt 0:00:09]} 63. Rh6 {[%emt 0:00:01]} Ra4 {[%emt 0:00:23]} 64. Rh4 {[%emt 0:00:07]} Kf6 {[%emt 0:00:56]} 65. Kf2 {[%emt 0:00:15]} Kg6 {[%emt 0:00:22]} 66. Ke3 {[%emt 0:00:21]} Ra3+ {[%emt 0:00:08]} 67. Ke2 {[%emt 0:00:12]} Ra2+ 68. Ke3 Ra3+ {[%emt 0:00:12]} 69. Kf2 {[%emt 0:00:03]} Ra2+ {[%emt 0:00:15]} 70. Kg3 {[%emt 0:00:02]} Ra4 {[%emt 0:00:07]} 71. Rh8 {[%emt 0:00:03]} Rb4 {[%emt 0:00:24]} 72. Ra8 {[%emt 0:00:03]} Rc4 {[%emt 0:00:25]} 73. Ra6+ {[%emt 0:00:02]} Kf7 {[%emt 0:00:14]} 74. Ra3 {[%emt 0:00:02]} Kg6 {[%emt 0:00:10]} 75. Ra1 {[%emt 0:00:29]} Rb4 {[%emt 0:00:11]} 76. Rg1 {[%emt 0:00:02]} Kf6 {[%emt 0:00:15]} 77. Rc1 {[%emt 0:00:29]} Kg6 {[%emt 0:00:06]} 78. Rc6+ {[%emt 0:00:13]} Kf7 {[%emt 0:00:12]} 1/2-1/2

[Event "80th ARM-ch 1st League 2019"]
[Site "Yerevan"]
[Date "2019.08.19"]
[Round "2.7"]
[White "Hoghmrtsyan, Artur"]
[Black "Baghdasaryan, Vahe"]
[Result "0-1"]
[WhiteElo "2317"]
[BlackElo "2373"]
[Annotator "ChessBase"]
[PlyCount "82"]
[EventDate "2019.08.18"]
[EventType "tourn"]
[EventCountry "ARM"]
[SourceTitle "playchess.com"]
[Source "ChessBase"]
[SourceQuality "1"]
[TimeControl "40/5400+30:1800+30"]

1. d4 {[%emt 0:00:00]} e6 {[%emt 0:00:33]} 2. c4 {[%emt 0:01:35]} b6 {[%emt 0:00:35]} 3. a3 {[%emt 0:01:31]} Bb7 {[%emt 0:01:42]} 4. Nc3 {[%emt 0:00:13]} f5 {[%emt 0:01:10]} 5. d5 {[%emt 0:08:28]} Na6 {[%emt 0:00:42]} 6. Nf3 {[%emt 0:05:34]} Nf6 {[%emt 0:01:26]} 7. Bf4 {[%emt 0:13:40]} Nc5 {[%emt 0:07:34]} 8. e3 {[%emt 0:12:24]} d6 {[%emt 0:06:34]} 9. h3 {[%emt 0:17:13]} Qe7 {[%emt 0:10:58]} 10. Be2 {[%emt 0:04:24]} g6 {[%emt 0:07:21]} 11. b4 {[%emt 0:06:06]} Nfe4 {[%emt 0:08:24]} 12. Nb5 {[%emt 0:04:09]} a6 {[%emt 0:14:50]} 13. Nxd6+ {[%emt 0:03:37]} cxd6 {[%emt 0:02:44]} 14. bxc5 {[%emt 0:00:06]} bxc5 {[%emt 0:01:37]} 15. Qa4+ {[%emt 0:02:02]} Qd7 {[%emt 0:00:39]} 16. Qxd7+ {[%emt 0:00:43]} Kxd7 {[%emt 0:00:02]} 17. dxe6+ {[%emt 0:02:31]} Kxe6 {[%emt 0:04:04]} 18. O-O {[%emt 0:01:01]} Be7 {[%emt 0:05:41]} 19. Bd3 {[%emt 0:03:02]} Rab8 {[%emt 0:04:04]} 20. Rfd1 {[%emt 0:03:01]} Nc3 {[%emt 0:01:59]} 21. Rd2 {[%emt 0:00:32]} Bxf3 {[%emt 0:08:33]} 22. gxf3 {[%emt 0:00:06]} Bf6 {[%emt 0:01:28]} 23. Rc1 {[%emt 0:00:48]} Rhd8 {[%emt 0:00:09]} 24. Rcc2 {[%emt 0:04:23]} Rb3 {[%emt 0:02:14]} 25. Kg2 {[%emt 0:00:57]} a5 {[%emt 0:04:07]} 26. Bf1 {[%emt 0:01:26]} a4 {[%emt 0:01:43]} 27. Rd3 {[%emt 0:00:31]} Nb1 {[%emt 0:00:32]} 28. Rd1 {[%emt 0:00:47]} Nxa3 {[%emt 0:00:58]} 29. Rcd2 {[%emt 0:00:12]} Rb6 {[%emt 0:00:38]} 30. e4 {[%emt 0:01:23]} Nb1 {[%emt 0:01:00]} 31. exf5+ {[%emt 0:00:34]} gxf5 {[%emt 0:00:06]} 32. Re1+ {[%emt 0:00:52]} Kf7 {[%emt 0:00:13]} 33. Ra2 {[%emt 0:01:21]} Nc3 {[%emt 0:00:14]} 34. Ra3 {[%emt 0:00:32]} Rb3 {[%emt 0:00:12]} 35. Rea1 {[%emt 0:00:13]} Rg8+ {[%emt 0:01:37]} 36. Kh1 {[%emt 0:00:25]} Nd1 {[%emt 0:00:45]} 37. Rxb3 {[%emt 0:00:23]} Nxf2+ {[%emt 0:00:07]} 38. Kh2 {[%emt 0:00:03]} axb3 {[%emt 0:00:19]} 39. Ra7+ {[%emt 0:00:16]} Ke6 {[%emt 0:00:19]} 40. Rb7 {[%emt 0:00:50]} b2 {[%emt 0:00:00]} 41. Be2 {[%emt 0:02:33]} Ra8 {[%emt 0:04:23]} 0-1

[Event "80th ARM-ch 1st League 2019"]
[Site "Yerevan"]
[Date "2019.08.20"]
[Round "3.1"]
[White "Chaqryan, Erik"]
[Black "Hoghmrtsyan, Artur"]
[Result "0-1"]
[WhiteElo "2105"]
[BlackElo "2317"]
[Annotator "NA"]
[PlyCount "90"]
[EventDate "2019.08.18"]
[EventType "tourn"]
[EventCountry "ARM"]
[SourceTitle "playchess.com"]
[Source "ChessBase"]
[SourceQuality "1"]
[TimeControl "40/5400+30:1800+30"]

1. d4 {[%emt 0:00:04]} d5 {[%emt 0:05:32]} 2. c4 {[%emt 0:00:14]} e6 {[%emt 0:00:06]} 3. Nc3 {[%emt 0:00:16]} Nf6 {[%emt 0:00:16]} 4. cxd5 {[%emt 0:01:55]} exd5 {[%emt 0:00:23]} 5. Bg5 {[%emt 0:00:17]} c6 {[%emt 0:00:08]} 6. e3 {[%emt 0:01:10]} Be7 {[%emt 0:01:46]} 7. Bd3 {[%emt 0:00:45]} O-O {[%emt 0:00:27]} 8. Qc2 {[%emt 0:03:35]} h6 {[%emt 0:00:38]} 9. Bf4 {[%emt 0:00:46]} Bd6 {[%emt 0:13:17]} 10. Nge2 {[%emt 0:06:44]} Re8 {[%emt 0:03:07]} 11. O-O-O {[%emt 0:05:22]} b5 {[%emt 0:09:21]} 12. h3 {[%emt 0:11:55]} Na6 {[%emt 0:03:04]} 13. Qd2 $17 {[%emt 0:18:33]} Nb4 {[%emt 0:26:41]} 14. Bb1 {[%emt 0:06:56]} Ne4 {[%emt 0:07:01]} 15. Nxe4 {[%emt 0:09:22]} dxe4 {[%emt 0:00:07]} 16. Bxd6 {[%emt 0:02:08]} Qxd6 {[%emt 0:00:02]} 17. Nc3 {[%emt 0:00:57]} Nd3+ {[%emt 0:06:35]} 18. Bxd3 {[%emt 0:01:12]} exd3 {[%emt 0:00:05]} 19. Qxd3 {[%emt 0:01:33]} b4 {[%emt 0:00:44]} 20. Na4 {[%emt 0:05:34]} Qd5 {[%emt 0:00:31]} 21. b3 {[%emt 0:05:04]} Qxg2 {[%emt 0:03:16]} 22. Qd2 {[%emt 0:02:21]} Bf5 {[%emt 0:02:29]} 23. Kb2 {[%emt 0:01:33]} a5 {[%emt 0:00:28]} 24. h4 {[%emt 0:01:18]} Rad8 {[%emt 0:01:49]} 25. Rc1 {[%emt 0:01:19]} Rd6 {[%emt 0:01:27]} 26. Rhg1 {[%emt 0:01:58]} Qh3 {[%emt 0:01:28]} 27. Rc5 {[%emt 0:03:34]} Be4 {[%emt 0:00:58]} 28. h5 {[%emt 0:04:32]} Qh2 {[%emt 0:00:40]} 29. Rd1 {[%emt 0:01:28]} Bf3 {[%emt 0:03:53]} 30. Rdc1 {[%emt 0:01:28]} Rf6 {[%emt 0:00:31]} 31. R1c2 {[%emt 0:00:18]} Qh4 {[%emt 0:03:08]} 32. Re5 {[%emt 0:01:05]} Rxe5 {[%emt 0:00:31]} 33. dxe5 {[%emt 0:00:01]} Rf5 {[%emt 0:00:55]} 34. Rc5 {[%emt 0:01:06]} Be4 {[%emt 0:00:31]} 35. f4 {[%emt 0:00:23]} Rxh5 {[%emt 0:00:28]} 36. e6 {[%emt 0:00:37]} Qf6+ {[%emt 0:00:31]} 37. Qd4 {[%emt 0:00:23]} Rh2+ {[%emt 0:00:16]} 38. Kc1 {[%emt 0:00:01]} Qxd4 {[%emt 0:01:42]} 39. exf7+ {[%emt 0:00:39]} Kxf7 {[%emt 0:00:06]} 40. exd4 {[%emt 0:00:00]} h5 {[%emt 0:00:00]} 41. Re5 {[%emt 0:01:50]} Bd5 {[%emt 0:08:10]} 42. Nc5 {[%emt 0:00:31]} h4 {[%emt 0:03:00]} 43. Rf5+ {[%emt 0:00:06]} Kg8 {[%emt 0:02:49]} 44. Rh5 {[%emt 0:01:56]} Bf3 {[%emt 0:01:59]} 45. Rg5 {[%emt 0:00:08]} Rg2 {[%emt 0:00:54]} 0-1